[Event "Pyramiden Franken Cup 5th"]
[Site "Fuerth"]
[Date "2002.09.08"]
[Round "9"]
[White "Horstmann, Uwe"]
[Black "Bogner, Thomas"]
[Result "1-0"]
[WhiteElo "1844"]
[BlackElo "1557"]
[PlyCount "109"]
[EventDate "2002.08.31"]
[EventType "swiss"]
[EventRounds "9"]
[EventCountry "GER"]
[SourceTitle "CBM 090 Extra"]
[Source "ChessBase"]
[SourceDate "2002.11.07"]
[SourceVersion "1"]
[SourceVersionDate "2002.11.07"]
[SourceQuality "1"]

1. c4 c5 2. Nc3 Nc6 3. g3 g6 4. Bg2 Bg7 5. d3 d6 6. e4 e5 7. Nge2 Nge7 8. 0-0 Be6 9. Rb1 Qd7 10. a3 h5 11. h4 0-0 12. b4 b6 13. Kh2 Kh7 14. Nd5 Nd4 15. Ne3 Rae8 16. Ng1 Ng8 17. f4 exf4 18. gxf4 f5 19. Nh3 Bh6 20. bxc5 dxc5 21. e5 Ne7 22. Rf2 Rd8 23. Bb2 Qe8 24. a4 Ndc6 25. Bc3 Qf7 26. Rd2 Rd7 27. Qh1 Rc8 28. Rbd1 Nd4 29. Rb2 Kg7 30. a5 Rcd8 31. Qf1 Nec6 32. axb6 axb6 33. Nd5 Bxd5 34. cxd5 Rxd5 35. Bxd5 Qxd5 36. Qg2 Qxg2+ 37. Kxg2 b5 38. Kg3 b4 39. Be1 Kg8 40. Bf2 Ne6 41. Ra2 Kf7 42. Ra6 Ncd4 43. Ra7+ Kg8 44. Rd2 Nb3 45. Rd1 c4 46. Rb7 c3 47. Be3 c2 48. Rg1 Rxd3 49. Kf2 Rd1 50. Rxg6+ Ng7 51. Rxh6 Nc5 52. Rb8+ Kf7 53. Rf6+ Ke7 54. Bxc5+ Kd7 55. Be3 1-0

[Event "Pyramiden Franken Cup 5th"]
[Site "Fuerth"]
[Date "2002.09.07"]
[Round "8"]
[White "Bogner, Thomas"]
[Black "Voelkel, Roland"]
[Result "1/2-1/2"]
[WhiteElo "1557"]
[BlackElo "1800"]
[PlyCount "54"]
[EventDate "2002.08.31"]
[EventType "swiss"]
[EventRounds "9"]
[EventCountry "GER"]
[SourceTitle "CBM 090 Extra"]
[Source "ChessBase"]
[SourceDate "2002.11.07"]
[SourceVersion "1"]
[SourceVersionDate "2002.11.07"]
[SourceQuality "1"]

1. d4 Nf6 2. Nf3 e6 3. e3 b6 4. Bd3 Bb7 5. 0-0 Be7 6. c3 0-0 7. Nbd2 d5 8. Ne5 Ne4 9. f3 Nxd2 10. Bxd2 Nd7 11. f4 f5 12. g4 Bd6 13. gxf5 exf5 14. Qh5 Nf6 15. Qh3 Ne4 16. Be1 Rf6 17. Kh1 Qe8 18. Rg1 Kh8 19. Bxe4 fxe4 20. Qg4 Bf8 21. Bh4 Bc8 22. Qg3 Rh6 23. Raf1 Bf5 24. Qg5 Rh5 25. Qg3 Rh6 26. Qg5 Rh5 27. Qg3 Rh6 1/2-1/2

[Event "Pyramiden Franken Cup 5th"]
[Site "Fuerth"]
[Date "2002.09.06"]
[Round "7"]
[White "Bogner, Thomas"]
[Black "Auschkalnis, Reinhard"]
[Result "1/2-1/2"]
[WhiteElo "1557"]
[BlackElo "1750"]
[PlyCount "119"]
[EventDate "2002.08.31"]
[EventType "swiss"]
[EventRounds "9"]
[EventCountry "GER"]
[SourceTitle "CBM 090 Extra"]
[Source "ChessBase"]
[SourceDate "2002.11.07"]
[SourceVersion "1"]
[SourceVersionDate "2002.11.07"]
[SourceQuality "1"]

1. d4 Nf6 2. Nf3 e6 3. e3 b6 4. Nbd2 Bb7 5. Bd3 d5 6. Qe2 Be7 7. e4 dxe4 8. Nxe4 0-0 9. 0-0 Nbd7 10. c4 c5 11. Nxf6+ Bxf6 12. dxc5 Nxc5 13. Bc2 Qc7 14. Rb1 e5 15. Nd2 Qc6 16. f3 Qd6 17. b4 Ne6 18. Ne4 Bxe4 19. Qxe4 Qd4+ 20. Be3 Qxe4 21. Bxe4 Rac8 22. Rfc1 Nd4 23. Kf2 Rfd8 24. a4 Rc7 25. Rc3 Be7 26. Bc1 Kf8 27. Ba3 f5 28. Bd3 g6 29. c5 bxc5 30. bxc5 Ne6 31. Rbc1 Nf4 32. Be2 Rd2 33. R1c2 Rxc2 34. Rxc2 Ne6 35. Bb5 Nxc5 36. Bxc5 Bxc5+ 37. Ke2 Bb6 38. Rxc7 Bxc7 39. h3 f4 40. Kd3 Ke7 41. Bc4 h5 42. Bd5 Kf6 43. Be4 g5 44. Kc4 g4 45. hxg4 hxg4 46. Kd3 gxf3 47. gxf3 Ke6 48. Kc4 Bb6 49. Kb5 Kf6 50. a5 Bd4 51. a6 Kg5 52. Kc4 Kh4 53. Bb7 Kg3 54. Kd3 Kf2 55. Ke4 Ke2 56. Bc8 Kd2 57. Bb7 Kc3 58. Bc8 Kc4 59. Bb7 Kc5 60. Kd3 1/2-1/2

[Event "Pyramiden Franken Cup 5th"]
[Site "Fuerth"]
[Date "2002.09.03"]
[Round "4"]
[White "Bogner, Thomas"]
[Black "Haeckler, Daniel"]
[Result "0-1"]
[WhiteElo "1557"]
[BlackElo "1892"]
[PlyCount "50"]
[EventDate "2002.08.31"]
[EventType "swiss"]
[EventRounds "9"]
[EventCountry "GER"]
[SourceTitle "CBM 090 Extra"]
[Source "ChessBase"]
[SourceDate "2002.11.07"]
[SourceVersion "1"]
[SourceVersionDate "2002.11.07"]
[SourceQuality "1"]

1. d4 Nf6 2. Nf3 e6 3. e3 b6 4. Nbd2 Bb7 5. Bd3 d5 6. Qe2 c5 7. c3 Nbd7 8. e4 dxe4 9. Nxe4 Be7 10. Bg5 Qc7 11. 0-0 0-0 12. Rad1 Rac8 13. dxc5 Bxe4 14. Bxe4 Nxc5 15. Bc2 Rfd8 16. Rxd8+ Rxd8 17. Rd1 Nd5 18. Rc1 Bf6 19. Re1 Nf4 20. Bxf4 Qxf4 21. g3 Qc7 22. Ne5 Qxe5 23. Qxe5 Bxe5 24. Rxe5 Rd2 25. Bb3 Rxb2 0-1

[Event "Pyramiden Franken Cup 5th"]
[Site "Fuerth"]
[Date "2002.09.01"]
[Round "2"]
[White "Bogner, Thomas"]
[Black "Walter, Thomas"]
[Result "1/2-1/2"]
[WhiteElo "1557"]
[BlackElo "2007"]
[PlyCount "93"]
[EventDate "2002.08.31"]
[EventType "swiss"]
[EventRounds "9"]
[EventCountry "GER"]
[SourceTitle "CBM 090 Extra"]
[Source "ChessBase"]
[SourceDate "2002.11.07"]
[SourceVersion "1"]
[SourceVersionDate "2002.11.07"]
[SourceQuality "1"]

1. d4 f5 2. e4 fxe4 3. Nc3 Nf6 4. Bg5 Nc6 5. f3 exf3 6. Nxf3 d5 7. Bb5 Bg4 8. Qd3 Bxf3 9. Qxf3 a6 10. Bxc6+ bxc6 11. 0-0 Qd6 12. Rae1 0-0-0 13. Bf4 Qb4 14. Qd3 Kb7 15. a3 Qc4 16. b3 Qxd3 17. cxd3 h6 18. Na4 Nd7 19. Re6 g5 20. Be5 Rg8 21. Rc1 Nb8 22. Nc5+ Kb6 23. b4 Re8 24. Nb3 Bg7 25. Na5 Bxe5 26. dxe5 Kb5 27. Nxc6 Rgf8 28. Nxb8 Rxb8 29. Rc5+ Ka4 30. Rxa6+ Kb3 31. Rxc7 Rf5 32. d4 g4 33. Ra5 Kb2 34. Rac5 Kxa3 35. b5 Kb4 36. Rc1 Rxb5 37. Rb1+ Ka5 38. Ra7+ Kb6 39. Rxb5+ Kxb5 40. Rxe7 Kc4 41. Rd7 Kxd4 42. e6 Re5 43. e7 Kc5 44. Kf2 Kc6 45. Ra7 h5 46. Kg3 Kb6 47. Rd7 1/2-1/2

[Event "Pyramiden Franken Cup 5th"]
[Site "Fuerth"]
[Date "2002.08.31"]
[Round "1"]
[White "Schuster, Martin"]
[Black "Bogner, Thomas"]
[Result "1-0"]
[WhiteElo "2136"]
[BlackElo "1557"]
[PlyCount "101"]
[EventDate "2002.08.31"]
[EventType "swiss"]
[EventRounds "9"]
[EventCountry "GER"]
[SourceTitle "CBM 090 Extra"]
[Source "ChessBase"]
[SourceDate "2002.11.07"]
[SourceVersion "1"]
[SourceVersionDate "2002.11.07"]
[SourceQuality "1"]

1. e4 c5 2. Nf3 e6 3. d4 cxd4 4. Nxd4 Nc6 5. Nb5 d6 6. c4 Nf6 7. N1c3 a6 8. Nd4 Qc7 9. Be2 b6 10. Nxc6 Qxc6 11. 0-0 Bb7 12. Be3 Be7 13. Rc1 0-0 14. f3 Rac8 15. Qe1 Qc7 16. Qf2 Nd7 17. b4 Bd8 18. Rfd1 Qb8 19. Qg3 Ne5 20. Bd4 Ng6 21. Qf2 Ba8 22. Na4 b5 23. cxb5 Rxc1 24. Rxc1 axb5 25. Nb6 Bxb6 26. Bxb6 Qe8 27. Qd4 f5 28. exf5 exf5 29. Rc7 Rf7 30. Rxf7 Kxf7 31. Qd3 Qe6 32. Qxb5 Nh4 33. Bf2 g5 34. Bd3 d5 35. Qa5 Qc6 36. Qc5 Qb7 37. a4 Kg6 38. Qb6+ Qxb6 39. Bxb6 Kf6 40. Bd8+ Ke5 41. Bxg5 Ng6 42. b5 f4 43. a5 Kd4 44. a6 Kxd3 45. b6 Ne5 46. b7 Bxb7 47. axb7 Nd7 48. Bxf4 Ke2 49. Be5 Ke3 50. b8Q Nxb8 51. Bxb8 1-0

[Event "Nuremberg-ch op 02nd"]
[Site "Nuremberg"]
[Date "2002.06.23"]
[Round "5"]
[White "Bogner, Thomas"]
[Black "Roeckl, Adelbert"]
[Result "1-0"]
[WhiteElo "1583"]
[BlackElo "1340"]
[PlyCount "99"]
[EventDate "2002.06.21"]
[EventType "swiss"]
[EventRounds "5"]
[EventCountry "GER"]
[SourceTitle "EXT 2006"]
[Source "ChessBase"]
[SourceDate "2005.11.24"]
[SourceVersion "1"]
[SourceVersionDate "2005.11.24"]
[SourceQuality "1"]

1. d4 Nf6 2. Nf3 d6 3. Bg5 Nbd7 4. e3 e5 5. Nc3 Be7 6. Bd3 0-0 7. Qe2 Re8 8. 0-0-0 c6 9. dxe5 dxe5 10. Bxf6 Bxf6 11. g4 g6 12. Ne4 Qa5 13. Kb1 Be7 14. h4 Nc5 15. Nxc5 Qxc5 16. Nd2 Bf8 17. Ne4 Qe7 18. g5 Bg7 19. Ng3 Qb4 20. c3 Qg4 21. Qc2 Qe6 22. h5 Qe7 23. hxg6 hxg6 24. f4 Bg4 25. Rdg1 Bf3 26. Rh4 e4 27. Be2 Bxe2 28. Nxe2 c5 29. Nc1 Rad8 30. Rh2 Rd6 31. Rd1 Rxd1 32. Qxd1 Rd8 33. Rd2 Rxd2 34. Qxd2 f5 35. gxf6 Bxf6 36. Qd5+ Kg7 37. Nb3 b6 38. Nd2 g5 39. Nxe4 gxf4 40. exf4 Qf7 41. Nxf6 Kxf6 42. Qxf7+ Kxf7 43. Kc2 Kf6 44. Kd3 Kf5 45. Ke3 c4 46. Kd4 b5 47. Kc5 a6 48. Kb6 Kxf4 49. Kxa6 Ke3 50. Kxb5 1-0

[Event "Mittelfranken Mitte-ch 0203"]
[Site "Zirndorf"]
[Date "2002.??.??"]
[Round "1"]
[White "Bogner, Thomas"]
[Black "Ceglar, Michael"]
[Result "0-1"]
[WhiteElo "1598"]
[BlackElo "1839"]
[PlyCount "78"]
[EventDate "2003.09.20"]
[EventType "swiss"]
[EventRounds "7"]
[EventCountry "GER"]
[SourceTitle "EXT 2015"]
[Source "ChessBase"]
[SourceDate "2014.11.20"]
[SourceVersion "1"]
[SourceVersionDate "2014.11.20"]
[SourceQuality "1"]

1. d4 d5 2. Nf3 Nf6 3. e3 c6 4. Bd3 Bg4 5. c4 e6 6. Nbd2 Nbd7 7. Qb3 Rb8 8. 0-0 Be7 9. Re1 0-0 10. a3 Qc7 11. cxd5 exd5 12. Qa2 c5 13. b3 Rfe8 14. Bb2 Qd6 15. Rac1 b5 16. dxc5 Nxc5 17. Bb1 Bd8 18. Nd4 Bc7 19. Nf1 Bd7 20. Nf5 Bxf5 21. Bxf5 Nfe4 22. Red1 Nd7 23. b4 Nb6 24. Bd4 Nc4 25. f3 Nf6 26. e4 Bb6 27. exd5 Bxd4+ 28. Rxd4 Qe5 29. Rdxc4 bxc4 30. Qc2 Qxd5 31. Ng3 g6 32. Be4 Nxe4 33. Nxe4 Qd4+ 34. Kf1 Rbc8 35. Rd1 Rxe4 36. fxe4 Qe3 37. a4 c3 38. Rd3 Qxd3+ 39. Qxd3 c2 0-1

[Event "Mittelfranken Mitte-ch 0203"]
[Site "Zirndorf"]
[Date "2002.??.??"]
[Round "7"]
[White "Bogner, Thomas"]
[Black "Klein, Markus1"]
[Result "1-0"]
[WhiteElo "1598"]
[BlackElo "1515"]
[PlyCount "53"]
[EventDate "2003.09.20"]
[EventType "swiss"]
[EventRounds "7"]
[EventCountry "GER"]
[SourceTitle "EXT 2015"]
[Source "ChessBase"]
[SourceDate "2014.11.20"]
[SourceVersion "1"]
[SourceVersionDate "2014.11.20"]
[SourceQuality "1"]

1. e4 c6 2. d3 d5 3. Nd2 Nf6 4. f4 dxe4 5. dxe4 Qb6 6. Nc4 Qc7 7. e5 Nd5 8. Qe2 e6 9. Nh3 b6 10. g3 Bb7 11. Bg2 Na6 12. Bd2 Nab4 13. Kd1 0-0-0 14. c3 Na6 15. Kc2 Nc5 16. a4 Ba6 17. b4 Nd3 18. Kb3 b5 19. axb5 cxb5 20. Nd6+ Bxd6 21. Qxd3 Be7 22. Rxa6 Nxb4 23. Qxb5 Rxd2 24. Rha1 Nxa6 25. Rxa6 Qb8 26. Rc6+ Kd7 27. Rb6+ 1-0

[Event "Nuremberg-ch op 01st"]
[Site "Nuremberg"]
[Date "2001.06.03"]
[Round "3"]
[White "Bogner, Thomas"]
[Black "Kilian, Stefan"]
[Result "0-1"]
[WhiteElo "1260"]
[BlackElo "1856"]
[PlyCount "126"]
[EventDate "2001.06.01"]
[EventType "swiss"]
[EventRounds "5"]
[EventCountry "GER"]
[SourceTitle "EXT 2003"]
[Source "ChessBase"]
[SourceDate "2002.11.25"]
[SourceVersion "1"]
[SourceVersionDate "2002.11.25"]
[SourceQuality "1"]

1. Nf3 Nf6 2. g3 b6 3. Bg2 Bb7 4. c4 c5 5. b3 e6 6. Bb2 d5 7. 0-0 dxc4 8. bxc4 Be7 9. d3 0-0 10. Nbd2 Nbd7 11. Qc2 Qc7 12. Qc3 Rad8 13. a4 a5 14. Nb1 Ne8 15. Qc2 Bf6 16. Nc3 Nd6 17. Rab1 Rfe8 18. Bc1 e5 19. e4 h6 20. h4 Bc6 21. Nh2 Kh7 22. f4 exf4 23. Bxf4 Ne5 24. Nd5 Bxd5 25. exd5 Ng6 26. Nf3 Nxf4 27. gxf4 Kg8 28. Rbe1 Nf5 29. Ne5 Bxe5 30. fxe5 Rxe5 31. Rxe5 Qxe5 32. Qf2 Qe3 33. Qxe3 Nxe3 34. Re1 Nxg2 35. Kxg2 Kf8 36. Kf3 g6 37. Kf4 Rd7 38. Re4 Kg7 39. d4 cxd4 40. Rxd4 Kf6 41. Re4 g5+ 42. hxg5+ hxg5+ 43. Kg4 Kg6 44. Re5 f6 45. Re6 Rc7 46. Rc6 Re7 47. Kf3 Kf5 48. Rxb6 g4+ 49. Kf2 Ke5 50. d6 Rg7 51. c5 Kd5 52. Rb5 Ra7 53. Kg3 f5 54. Kf4 Ke6 55. Rb1 Rf7 56. Rc1 Kd5 57. Rd1+ Kc6 58. Ke5 f4 59. Ke6 Rd7 60. Rb1 Rg7 61. Rd1 Rd7 62. Rd4 g3 63. Rxf4 Rg7 0-1